International business

Gespeichert in:
Bibliographische Detailangaben
1. Verfasser: Shenkar, Oded
Weitere Verfasser: Luo, Yadong
Format: Buch
Sprache:Englisch
Veröffentlicht: Los Angeles SAGE Publications 2008
Ausgabe:2nd ed.
Schlagworte:
Tags: Tag hinzufügen
Keine Tags, Fügen Sie das erste Tag hinzu!

MARC

LEADER 00000nam a2200000 4500
001 0143160
005 20240306135731.0
020 |a 978-1-4129-4906-4 
041 0 |a eng 
044 |a US 
245 1 0 |a International business  |c Oded Shenkar, Yadong Luo 
250 |a 2nd ed. 
264 1 |a Los Angeles  |b SAGE Publications  |c 2008 
300 |a xvi, 599 s. 
610 2 0 |a podnikanie medzinárodné 
610 2 0 |a financie medzinárodné 
610 2 0 |a investície zahraničné 
610 2 0 |a podnik medzinárodný 
610 2 0 |a trh svetový 
610 2 0 |a integrácia ekonomická medzinárodná 
610 2 0 |a systém menový medzinárodný 
610 2 0 |a trh finančný medzinárodný 
610 2 0 |a stratégia podnikateľská 
610 2 0 |a riadenie finančné 
610 2 0 |a účtovníctvo medzinárodné 
610 2 0 |a marketing globálny 
610 2 0 |a zásobovanie 
610 2 0 |a riadenie ľudských zdrojov 
610 2 0 |a podnikanie elektronické 
610 2 0 |a zodpovednosť spoločenská 
610 2 0 |a korupcia 
100 1 |a Shenkar, Oded 
700 1 |a Luo, Yadong